| 000 | 00662nam a2200229Ia 4500 | ||
|---|---|---|---|
| 001 | 9260 | ||
| 003 | GE_BSU | ||
| 008 | 181216s||||||||xx |||||||||||||| ||und|| | ||
| 040 | _cGE_BSU | ||
| 080 | _a628.1.2(075) | ||
| 100 | _aЛенский,В.А. | ||
| 245 | _aВодоснабжение и канализация. | ||
| 245 | _bУчебник. | ||
| 245 | _cРед. А.П.Мартынов. | ||
| 250 | _aИзд.4 перепаб. и дополн. | ||
| 260 | _aМ. | ||
| 260 | _bВысшая школа. | ||
| 260 | _c1969. | ||
| 300 | _a432 стр. с илл. 23 см. | ||
| 653 | _aВодоснабжение и канализация. | ||
| 942 | _cBK | ||
| 999 |
_c42561 _d42561 |
||